<?xml version="1.0" encoding="UTF-8"?>
<record
    xmlns:xsi="http://www.w3.org/2001/XMLSchema-instance"
    xsi:schemaLocation="http://www.loc.gov/MARC21/slim http://www.loc.gov/standards/marcxml/schema/MARC21slim.xsd"
    xmlns="http://www.loc.gov/MARC21/slim">

  <leader>01013cam a2200241 a 4500</leader>
  <controlfield tag="003">CO-ViMGA</controlfield>
  <controlfield tag="005">20230915233600.0</controlfield>
  <controlfield tag="008">980620q19971998ck a    r     00010 spa d</controlfield>
  <datafield tag="040" ind1=" " ind2=" ">
    <subfield code="a">CO-ViMGA</subfield>
    <subfield code="b">spa</subfield>
    <subfield code="c">CO-ViMGA</subfield>
  </datafield>
  <datafield tag="043" ind1=" " ind2=" ">
    <subfield code="a">s-ck--- </subfield>
    <subfield code="a">s-ve---</subfield>
  </datafield>
  <datafield tag="082" ind1="0" ind2="4">
    <subfield code="a">Fr301.35 M474d</subfield>
    <subfield code="2">19 ed.</subfield>
  </datafield>
  <datafield tag="110" ind1="2" ind2=" ">
    <subfield code="a">Corporaci&#xF3;n Misi&#xF3;n Siglo XXI (Bogot&#xE1;)</subfield>
    <subfield code="9">12448</subfield>
  </datafield>
  <datafield tag="245" ind1="1" ind2="3">
    <subfield code="a">La Orinoquia en la integraci&#xF3;n colombo-venezolana / </subfield>
    <subfield code="c">Corporaci&#xF3;n Misi&#xF3;n Siglo XXI ; investigador principal Fernando Medell&#xED;n.</subfield>
  </datafield>
  <datafield tag="260" ind1=" " ind2=" ">
    <subfield code="a">Villavicencio : </subfield>
    <subfield code="b">Corpes Orinoquia, </subfield>
    <subfield code="c">[1997?].</subfield>
  </datafield>
  <datafield tag="300" ind1=" " ind2=" ">
    <subfield code="a">203 p. : </subfield>
    <subfield code="b">il. ; </subfield>
    <subfield code="c">23 cm.</subfield>
  </datafield>
  <datafield tag="500" ind1=" " ind2=" ">
    <subfield code="a">T&#xED;tulo en la contraportada: La orinoquia en la integraci&#xF3;n colombo-venezolana.</subfield>
  </datafield>
  <datafield tag="504" ind1=" " ind2=" ">
    <subfield code="a">Incluye bibliograf&#xED;a.</subfield>
  </datafield>
  <datafield tag="651" ind1=" " ind2="0">
    <subfield code="z"> Orinoqu&#xED;a (Regi&#xF3;n, Colombia)</subfield>
    <subfield code="x"> Integraci&#xF3;n econ&#xF3;mica.</subfield>
    <subfield code="9">12451</subfield>
  </datafield>
  <datafield tag="651" ind1=" " ind2="6">
    <subfield code="a">Colombia</subfield>
    <subfield code="x"> Relaciones econ&#xF3;micas</subfield>
    <subfield code="z"> Venezuela.</subfield>
    <subfield code="9">12449</subfield>
  </datafield>
  <datafield tag="651" ind1=" " ind2="6">
    <subfield code="a">Venezuela</subfield>
    <subfield code="x"> Relaciones econ&#xF3;micas</subfield>
    <subfield code="z"> Colombia.</subfield>
    <subfield code="9">12450</subfield>
  </datafield>
  <datafield tag="700" ind1="1" ind2=" ">
    <subfield code="a">Medell&#xED;n, Fernando.</subfield>
    <subfield code="9">12452</subfield>
  </datafield>
  <datafield tag="942" ind1=" " ind2=" ">
    <subfield code="2">ddc</subfield>
    <subfield code="c">BK</subfield>
  </datafield>
  <datafield tag="999" ind1=" " ind2=" ">
    <subfield code="c">37005</subfield>
    <subfield code="d">37005</subfield>
  </datafield>
  <datafield tag="952" ind1=" " ind2=" ">
    <subfield code="0">0</subfield>
    <subfield code="1">0</subfield>
    <subfield code="2">ddc</subfield>
    <subfield code="4">0</subfield>
    <subfield code="7">0</subfield>
    <subfield code="8">004</subfield>
    <subfield code="a">MEVIECAR</subfield>
    <subfield code="b">MEVIECAR</subfield>
    <subfield code="d">2018-04-30</subfield>
    <subfield code="l">0</subfield>
    <subfield code="o">Fr301.35 M474d</subfield>
    <subfield code="p">18747</subfield>
    <subfield code="r">2018-04-30 00:00:00</subfield>
    <subfield code="w">2018-04-30</subfield>
    <subfield code="y">BK</subfield>
  </datafield>
</record>
